| 000 | 00750nam a2200229 i 4500 | ||
|---|---|---|---|
| 001 | 124706 | ||
| 003 | ES-MaACL | ||
| 005 | 20230906192458.0 | ||
| 007 | t| | ||
| 008 | 070418s1919 sp ||||1| spa d | ||
| 080 | _a821.134.2-22"18" | ||
| 100 | 1 |
_aMario, Emilio. _976874 |
|
| 245 | 1 | 3 |
_aLa Ciclón _b: juguete cómico en tres actos / _coriginal de Emilio Mario (hijo). |
| 260 |
_a[Madrid : _bLa Novela Teatral, _c1919] |
||
| 300 |
_a18 h. ; _c20 cm. |
||
| 490 | 1 |
_aLa novela teatral ; _v153 |
|
| 500 | _aEn la cub. caricatura de Consuelo Tamayo (La Tortajada) por Tovar. | ||
| 700 | 0 |
_aTovar _c, ilustrador. _9157378 |
|
| 830 | 0 |
_aLa novela teatral ; _v153 _9122427 |
|
| 852 |
_aES-MaACL _j2215-F-30 _bR.138750 |
||
| 999 |
_c124706 _d124706 |
||